[Event "North America Championship 2008"]
[Site "SchemingMind.com"]
[Date "2008.05.06"]
[Round "-"]
[White "jessespindler"]
[Black "thefriediceman"]
[Result "0-1"]
[WhiteCountry "USA"]
[BlackCountry "USA"]
[WhiteElo "1741"]
[WhiteRD "91"]
[BlackElo "1858"]
[BlackRD "81"]
[GameID "153153"]

1. e4 e5 2. Nf3 Nc6 3. Bb5 a6 4. Ba4 Nf6 5. O-O Be7 6. Re1 b5 7. Bb3 O-O 8. c3 d6 9. h3 Na5 10. Bc2 c5
11. d4 Nd7 12. d5 Nb6 13. Nbd2 Nbc4 14. Nf1 h6 15. b3 Nb6 16. Ne3 c4 17. b4 Nb7 18. Nd2 a5 19. a3 axb4 20. cxb4 Bd7
21. Ndf1 Na4 22. Ng3 Bh4 23. Ngf5 Bg5 24. Qh5 Kh7 25. h4 g6 26. Qf3 Bxh4 27. Nxh4 Qxh4 28. g3 Qe7 29. Kg2 Kg7 30. Rh1 Rh8
31. Rxh6 Rxh6 32. Nf5+ Bxf5 33. Bxh6+ Kxh6 34. exf5 Qf6 35. Rh1+ Kg7 36. Qe3 Rh8 37. Rxh8 Kxh8 38. fxg6 fxg6 39. Qh6+ Kg8 40. Bxg6 Qg7
41. Qh5 Nc3 42. Qf5 Qe7 43. Qc8+ Nd8 44. Qb8 Kg7 45. Bc2 e4 46. Qb6 Qf6 47. Qe3 Qe5 48. Kh2 Nxd5 49. Qa7+ Kg6 50. Qd7 Nf7
51. Qxb5 Qd4 52. Kg2 Kf6
0-1

[Event "North America Championship 2008"]
[Site "SchemingMind.com"]
[Date "2008.05.07"]
[Round "-"]
[White "29A"]
[Black "BogusAurelius"]
[Result "1/2-1/2"]
[WhiteCountry "CAN"]
[BlackCountry "USA"]
[WhiteElo "1866"]
[WhiteRD "71"]
[BlackElo "2275"]
[BlackRD "68"]
[GameID "153166"]

1. e4 c5 2. Nc3 Nc6 3. d3 g6 4. g3 Bg7 5. Bg2 d6 6. f4 Nf6 7. Nf3 O-O 8. O-O Rb8 9. h3 b5 10. a3 a5
11. Be3 Nd7 12. Rb1 Nd4 13. Ne2 Nxf3+ 14. Rxf3 Bb7 15. g4 e6 16. f5 exf5 17. gxf5 Ne5 18. Rg3 Bf6 19. Qd2 Bh4 20. Bg5 Bxg5
21. Rxg5 b4 22. b3 bxa3 23. Ra1 a4 24. Rxa3 axb3 25. Rxb3 c4 26. Ra3 cxd3 27. cxd3 Qb6+ 28. Kh1 Ra8 29. Rc3 Rfc8=
1/2-1/2

[Event "North America Championship 2008"]
[Site "SchemingMind.com"]
[Date "2008.05.05"]
[Round "-"]
[White "thefriediceman"]
[Black "jessespindler"]
[Result "1/2-1/2"]
[WhiteCountry "USA"]
[BlackCountry "USA"]
[WhiteElo "1858"]
[WhiteRD "81"]
[BlackElo "1741"]
[BlackRD "91"]
[GameID "153167"]

1. e4 c5 2. Nf3 d6 3. Bb5+ Bd7 4. Bxd7+ Qxd7 5. c4 Nc6 6. d4 cxd4 7. Nxd4 Nf6 8. Nc3 e6 9. O-O Be7 10. Be3 Ne5
11. b3 Nfg4 12. Bf4 a6 13. h3 Nf6 14. Bxe5 dxe5 15. Nf3 Qc7 16. Qe2 Rd8 17. Rfd1 O-O 18. Rxd8 Rxd8 19. Rd1 h6 20. Nd2 Bb4
21. Ncb1 Qd6 22. f3 Qd4+ 23. Kh2 Nh5 24. g3 g6 25. Kg2 f5 26. exf5 exf5 27. a3 Be7 28. Re1 Bf6 29. Qe3 f4 30. Qxd4 Rxd4
31. g4 Ng3 32. Nf1 Nxf1 33. Rxf1 Bh4 34. c5 Rd3 35. b4 Kf7 36. Rc1 Rb3 37. Rd1 Ke7 38. Rc1 Kd7 39. Rd1+ Ke7 40. Rc1= Rb2+
41. Kg1 Bf2+ 42. Kh1 Kd7 43. Rd1+ Bd4 44. Nd2 Kc6 45. Nc4 Ra2 46. Rd3 Ra1+ 47. Kg2 Rg1+ 48. Kh2 Rc1 49. Na5+ Kc7 50. Rb3 Rc2+
51. Kh1 Rc3 52. a4 Rxb3 53. Nxb3 Kc6 54. Na5+ Kc7 55. Nb3 g5 56. Kg2 Kc6 57. Na5+ Kc7 58. Nb3 Kc6=
1/2-1/2

[Event "North America Championship 2008"]
[Site "SchemingMind.com"]
[Date "2008.05.05"]
[Round "-"]
[White "Malfurion"]
[Black "jamesm_beatty"]
[Result "1-0"]
[WhiteCountry "USA"]
[BlackCountry "USA"]
[WhiteElo "2249"]
[WhiteRD "69"]
[BlackElo "1474"]
[BlackRD "71"]
[GameID "153429"]

1. d4 Nf6 2. c4 g6 3. Nf3 Bg7 4. g3 O-O 5. Bg2 d6 6. O-O Bf5 7. Nc3 Nbd7 8. Nh4 Be6 9. d5 Bg4 10. h3 Bf5
11. g4 Nxg4 12. Nxf5 gxf5 13. hxg4 fxg4 14. Qc2 a6 15. Qf5 Ne5 16. Be4 f6 17. Qxh7+ Kf7 18. Qh5+ Kg8 19. Bh7+ Kh8 20. Bg6+ Kg8
21. Qh7#
1-0

[Event "North America Championship 2008"]
[Site "SchemingMind.com"]
[Date "2008.05.05"]
[Round "-"]
[White "jamesm_beatty"]
[Black "Malfurion"]
[Result "0-1"]
[WhiteCountry "USA"]
[BlackCountry "USA"]
[WhiteElo "1482"]
[WhiteRD "66"]
[BlackElo "2243"]
[BlackRD "71"]
[GameID "153433"]

1. e4 d5 2. exd5 Qxd5 3. Nc3 Qd6 4. d4 Nf6 5. Nf3 a6 6. Bc4 b5 7. Bb3 e6 8. Bg5 Nbd7 9. Qe2 Bb7 10. O-O-O Be7
11. d5 Nc5 12. h3 Nxb3+ 13. cxb3 Nxd5 14. Bxe7 Qf4+ 15. Rd2 Kxe7 16. Rd1 Nxc3 17. bxc3 Rad8 18. Qe3 Qxe3 19. fxe3 Bxf3 20. gxf3 Rxd2
21. Rxd2 Rd8 22. Rg2 Rd3 23. Rxg7 Rxe3 24. Rxh7 Rxc3+ 25. Kb2 Rxf3 26. a4 bxa4 27. bxa4 a5 28. h4 Rf4 29. Kb3 Rb4+ 30. Ka3 Rb8
31. Rg7 Rh8 32. Rg4 e5 33. Kb3 f5 34. Rg7+ Kf6 35. Rxc7 f4 36. Rc5 f3 37. Rxa5 f2 38. Ra6+ Kf5 39. a5 f1=Q 40. Ra7 Qd3+
41. Kb4 Rb8+ 42. Ka4 Qb3#
0-1

[Event "North America Championship 2008"]
[Site "SchemingMind.com"]
[Date "2008.07.20"]
[Round "-"]
[White "HanadaNo3"]
[Black "dmichael"]
[Result "1/2-1/2"]
[WhiteCountry "USA"]
[BlackCountry "USA"]
[WhiteElo "2440"]
[WhiteRD "79"]
[BlackElo "2409"]
[BlackRD "83"]
[GameID "164240"]

1. Nf3 d5 2. c4 d4 3. b4 f6 4. Bb2 e5 5. e3 dxe3 6. fxe3 Bxb4 7. c5 Nc6 8. Bc4 Bxc5 9. O-O Nge7 10. Qb3 Bf5
11. Nh4 Be4 12. Rf2 Rf8 13. Nc3 Bd3 14. Be6 Qd6 15. Rc1 a6 16. Nf5 Nxf5 17. Nd5 Nd8 18. Bxf5 Bxf5 19. Rxf5 Ne6 20. d4 O-O-O
21. Nxc7 Kxc7 22. Ba3 Nxd4 23. exd4 Qxd4+ 24. Kh1 b6 25. Rff1 Qd5 26. Bxc5 bxc5 27. Qb4 Kd6 28. Qb6+ Ke7 29. Rxc5 Qd3 30. Rc7+ Rd7
31. Rxd7+ Qxd7 32. Qc5+ Ke8 33. Qc4 a5 34. h3 h6 35. Rc1 Ke7 36. Qc5+ Kf7 37. Qxa5 Kg8 38. a4 e4 39. Qb5=
1/2-1/2

[Event "North America Championship 2008"]
[Site "SchemingMind.com"]
[Date "2008.07.21"]
[Round "-"]
[White "dmichael"]
[Black "HanadaNo3"]
[Result "1/2-1/2"]
[WhiteCountry "USA"]
[BlackCountry "USA"]
[WhiteElo "2408"]
[WhiteRD "84"]
[BlackElo "2416"]
[BlackRD "81"]
[GameID "164244"]

1. c4 g6 2. d4 Bg7 3. Nc3 c5 4. d5 d6 5. e4 e6 6. Nf3 a6 7. Bd3 Nf6 8. O-O O-O 9. h3 Nbd7 10. dxe6 fxe6
11. Be3 Qc7 12. Be2 Ne5 13. Qc2 Nxf3+ 14. Bxf3 Nd7 15. Be2 Ne5 16. Rad1 Nc6 17. Qd3 Nd4 18. Bg4 Bd7 19. h4 h5 20. Bh3 Kh7
21. e5 Bxe5 22. Ne4 Bf6 23. Nxf6+ Rxf6 24. Bxd4 cxd4 25. f4 Bc6 26. Qxd4 e5 27. fxe5 dxe5 28. Qe3 Rxf1+ 29. Rxf1 Qe7 30. Qg5 Qxg5
31. hxg5 Kg7 32. Be6 Rf8 33. c5 Rd8 34. Rf7+ Kh8=
1/2-1/2

[Event "North America Championship 2008"]
[Site "SchemingMind.com"]
[Date "2008.07.28"]
[Round "-"]
[White "the_pawn"]
[Black "C. H. O'D. Schlechter"]
[Result "0-1"]
[WhiteCountry "USA"]
[BlackCountry "USA"]
[WhiteElo "2131"]
[WhiteRD "108"]
[BlackElo "2426"]
[BlackRD "72"]
[GameID "164650"]

1. e4 e5 2. Nf3 Nc6 3. d4 exd4 4. Nxd4 Nf6 5. Nxc6 bxc6 6. Bd3 d5 7. exd5 cxd5 8. O-O Be7 9. c4 O-O 10. cxd5 Nxd5
11. Qf3 Bb7 12. Nd2 Rb8 13. Re1 Bb4 14. a3 Nf6 15. Qh3 Bc8 16. Bf5 Bxd2 17. Rd1 Qd4 18. Bxd2 Rd8 19. b4 Bxf5 20. Qxf5 Rd5
21. Qc2 Rbd8 22. Kf1 Qe5
0-1

[Event "North America Championship 2008"]
[Site "SchemingMind.com"]
[Date "2008.07.28"]
[Round "-"]
[White "C. H. O'D. Schlechter"]
[Black "the_pawn"]
[Result "1/2-1/2"]
[WhiteCountry "USA"]
[BlackCountry "USA"]
[WhiteElo "2426"]
[WhiteRD "72"]
[BlackElo "2131"]
[BlackRD "108"]
[GameID "164657"]

1. e4 c5 2. Nc3 Nc6 3. Bb5 Nf6 4. Bxc6 bxc6 5. f4 d6 6. Nf3 g6 7. O-O Bg7 8. d3 O-O 9. Qe1 Rb8 10. Rb1 Bg4
11. h3 Bxf3 12. Rxf3 Qb6 13. Kh1 Nd7 14. b3 Rfe8 15. Bd2 e6 16. Na4 Qa6 17. Bc3 Nb6 18. Bxg7 Kxg7 19. Nxb6 axb6=
1/2-1/2

[Event "North America Championship 2008"]
[Site "SchemingMind.com"]
[Date "2008.09.18"]
[Round "-"]
[White "pjl1015"]
[Black "thefriediceman"]
[Result "1-0"]
[WhiteCountry "USA"]
[BlackCountry "USA"]
[WhiteElo "2437"]
[WhiteRD "106"]
[BlackElo "1848"]
[BlackRD "76"]
[GameID "171096"]

1. d4 d5 2. c4 e6 3. Nf3 Nf6 4. Nc3 c6 5. e3 Nbd7 6. Bd3 dxc4 7. Bxc4 b5 8. Bd3 Bb7 9. e4 Be7 10. e5 Nd5
11. Nxd5 exd5 12. O-O O-O 13. Qc2 Rc8 14. Bxh7+ Kh8 15. Qf5 g6 16. Qh3
1-0

[Event "North America Championship 2008"]
[Site "SchemingMind.com"]
[Date "2008.09.18"]
[Round "-"]
[White "thefriediceman"]
[Black "pjl1015"]
[Result "0-1"]
[WhiteCountry "USA"]
[BlackCountry "USA"]
[WhiteElo "1830"]
[WhiteRD "67"]
[BlackElo "2441"]
[BlackRD "106"]
[GameID "171104"]

1. e4 c5 2. Nf3 Nc6 3. Bc4 Nf6 4. d3 d6 5. h3 e6 6. Bg5 d5 7. exd5 exd5 8. Bb3 Be6 9. c3 Bd6 10. O-O h6
11. Bd2 O-O 12. Re1 Re8 13. Bc2 Qd7 14. Nh2 Bxh3 15. gxh3 Qxh3 16. Nf1 Ng4 17. f4 g5 18. Re2 gxf4 19. Nh2 f3 20. Nxf3 Nce5
21. Nxe5 Bxe5 22. Rg2 Bh2+ 23. Kf1 Bg3 24. Kg1 Kh8 25. d4 Nf2 26. Kf1 Nxd1 27. Bxd1 Re6
0-1

[Event "North America Championship 2008"]
[Site "SchemingMind.com"]
[Date "2008.10.29"]
[Round "-"]
[White "BogusAurelius"]
[Black "C. H. O'D. Schlechter"]
[Result "1-0"]
[WhiteCountry "USA"]
[BlackCountry "USA"]
[WhiteElo "2335"]
[WhiteRD "95"]
[BlackElo "2410"]
[BlackRD "76"]
[GameID "176783"]

1. e4 e5 2. Nf3 Nc6 3. Bb5 Nd4 4. Nxd4 exd4 5. O-O Bc5 6. d3 c6 7. Bc4 d5 8. Bb3 Ne7 9. Nd2 O-O 10. Nf3 a5
11. a4 Bg4 12. h3 Be6 13. Ng5 Bd7 14. Qh5 h6 15. Nf3 Be6 16. Bd2 Qd6 17. e5 Qc7 18. Nh4 Qd7 19. f4 Nf5 20. Nxf5 Bxf5
21. Rae1 Be7 22. Qf3 Qd8 23. g4 Bd7 24. f5 Bh4 25. Re2 Rc8 26. f6 g5 27. Be1 Bxe1 28. Rfxe1 Kh7 29. c4 Be6 30. Rc2 Qd7
31. Rh2 b6 32. cxd5 cxd5 33. Qf2 Qc6 34. Bd1 Qc5 35. h4 Rg8 36. Kg2 gxh4 37. Rxh4 Rg6 38. Kg3 Kg8 39. Reh1 Qc1 40. Bf3 Qe3
41. Qxe3 dxe3 42. Rxh6 Rxh6 43. Rxh6 d4 44. g5 Rc1 45. g6 Rg1+ 46. Kf4 fxg6 47. Ke4 Rf1 48. Rxg6+ Kh7 49. Rg3 Rf2 50. Kxd4 e2
51. Be4+ Kh6 52. Re3 Bg4 53. Kd5 Rf1 54. Kd6 e1=Q 55. Rxe1 Rxe1 56. Ke7
1-0

[Event "North America Championship 2008"]
[Site "SchemingMind.com"]
[Date "2008.10.30"]
[Round "-"]
[White "C. H. O'D. Schlechter"]
[Black "BogusAurelius"]
[Result "1-0"]
[WhiteCountry "USA"]
[BlackCountry "USA"]
[WhiteElo "2410"]
[WhiteRD "76"]
[BlackElo "2335"]
[BlackRD "95"]
[GameID "176794"]

1. d4 d5 2. Nf3 Nf6 3. e3 Bg4 4. h3 Bh5 5. g4 Bg6 6. Ne5 Nfd7 7. Nxg6 hxg6 8. c4 dxc4 9. Bxc4 e6 10. Qf3 Nc6
11. Nc3 a6 12. Bd2 Nb6 13. Bb3 Bb4 14. a3 Bxc3 15. Bxc3 Nd5 16. Bd2 Qd7 17. Rc1 f5 18. Ba4 O-O-O 19. Kf1 Nde7 20. Bb4 Qd5
21. Qxd5 Rxd5 22. Bc5 Rdd8 23. Kg2 Rh4 24. f3 g5 25. Bb3 Rh6 26. Kf2 b6 27. Bxe7 Nxe7 28. Rhg1 f4 29. exf4 gxf4 30. g5 Rhh8
31. Bxe6+ Kb7 32. Rge1 Rxd4 33. Rcd1 Rhd8 34. Rxd4 Rxd4 35. h4 Rd2+ 36. Re2 Rxe2+ 37. Kxe2 Kc6 38. Kd3 Kd6 39. Bg4 Ke5 40. h5 c5
41. b3 Nc6 42. a4 Na5 43. Kc2 Nb7 44. Kc3 Nd6 45. Bd7 Nb7 46. Kd3 Nd6 47. Kc3 Nb7 48. Bc8 Nd6 49. Bxa6 Kf5 50. h6 gxh6
51. gxh6 Kg6 52. b4
1-0

[Event "North America Championship 2008"]
[Site "SchemingMind.com"]
[Date "2008.12.07"]
[Round "-"]
[White "pjl1015"]
[Black "HanadaNo3"]
[Result "1/2-1/2"]
[WhiteCountry "USA"]
[BlackCountry "USA"]
[WhiteElo "2431"]
[WhiteRD "89"]
[BlackElo "2440"]
[BlackRD "79"]
[GameID "182366"]

1. e4 e5 2. Nf3 Nc6 3. d4 exd4 4. Nxd4 Nf6 5. Nxc6 bxc6 6. Bd3 d5 7. exd5 cxd5 8. O-O Be7 9. c4 d4 10. Re1 O-O
11. Nd2 c5 12. Ne4 Nxe4 13. Bxe4 Rb8 14. b3 Bd6 15. Qh5 g6 16. Qh6 Re8 17. Bg5 Qd7 18. Bf4 Bxf4 19. Qxf4 Bb7 20. Bd3 Kg7
21. h4 Qc6 22. Qg3 a6 23. h5 Qf6 24. Rab1 Rbc8 25. a3 a5 26. f4 Qd6 27. Re5 Rxe5 28. fxe5 Qe7=
1/2-1/2

[Event "North America Championship 2008"]
[Site "SchemingMind.com"]
[Date "2008.12.07"]
[Round "-"]
[White "HanadaNo3"]
[Black "pjl1015"]
[Result "1-0"]
[WhiteCountry "USA"]
[BlackCountry "USA"]
[WhiteElo "2440"]
[WhiteRD "79"]
[BlackElo "2431"]
[BlackRD "89"]
[GameID "182370"]

1. e4 d5 2. exd5 Qxd5 3. Nc3 Qa5 4. d4 Nf6 5. Nf3 Bg4 6. h3 Bh5 7. g4 Bg6 8. Ne5 Nbd7 9. Nc4 Qa6 10. Bf4 Qe6+
11. Ne3 Qc6 12. Bg2 Ne4 13. Ned5 Nxc3 14. bxc3 Qe6+ 15. Kd2 O-O-O 16. Nxc7 Qf6 17. Nd5 Qa6 18. Nb4 Qb6 19. Rb1
1-0

[Event "North America Championship 2008"]
[Site "SchemingMind.com"]
[Date "2009.06.15"]
[Round "-"]
[White "time_pressure"]
[Black "Malfurion"]
[Result "1-0"]
[WhiteCountry "USA"]
[BlackCountry "USA"]
[WhiteElo "2341"]
[WhiteRD "89"]
[BlackElo "2219"]
[BlackRD "97"]
[GameID "208187"]

1. e4 c5 2. Nf3 d6 3. d4 cxd4 4. Nxd4 Nf6 5. Nc3 a6 6. Be3 e6 7. Bd3 Be7 8. O-O Nc6 9. f4 O-O 10. e5 dxe5
11. Nxc6 bxc6 12. fxe5
1-0

[Event "North America Championship 2008"]
[Site "SchemingMind.com"]
[Date "2009.06.15"]
[Round "-"]
[White "Malfurion"]
[Black "time_pressure"]
[Result "0-1"]
[WhiteCountry "USA"]
[BlackCountry "USA"]
[WhiteElo "2159"]
[WhiteRD "99"]
[BlackElo "2365"]
[BlackRD "88"]
[GameID "208198"]

1. d4 d5 2. c4 e6 3. Nc3 c6 4. e4 dxe4 5. Nxe4 Bb4+ 6. Nc3 Nf6 7. a3 Bxc3+ 8. bxc3 e5 9. dxe5 Qxd1+ 10. Kxd1 Ng4
11. Ra2 O-O 12. f4 f6
0-1

[Event "North America Championship 2008"]
[Site "SchemingMind.com"]
[Date "2009.09.03"]
[Round "-"]
[White "time_pressure"]
[Black "BogusAurelius"]
[Result "0-1"]
[WhiteCountry "USA"]
[BlackCountry "USA"]
[WhiteElo "2292"]
[WhiteRD "92"]
[BlackElo "2402"]
[BlackRD "96"]
[GameID "218275"]

1. e4 d5 2. d4 dxe4 3. Nc3 Nf6 4. Bg5 Bf5 5. Qd2 e6 6. O-O-O Bb4 7. Nge2 O-O 8. a3 Ba5 9. h3 Nbd7 10. g4 Bg6
11. h4 h6 12. h5 Bh7 13. Bh4 Nb6 14. g5 Nc4 15. Qe1 hxg5 16. Bxg5 Qd6 17. h6 Qb6 18. b3 Qd6 19. bxc4 Qxa3+ 20. Kd2 Rfd8
21. Bxf6 gxf6 22. Rh3 c5 23. Ra1 Qb4 24. d5 exd5 25. cxd5 Rxd5+ 26. Kc1 Rad8 27. Bg2 c4 28. Qf1 Rd2 29. Qg1 Kf8 30. Re3 Bb6
31. Bh3 Bg6 32. Bg4 Qc5 33. h7 Kg7 34. Nf4 Kh8 35. Qe1 f5 36. Re2 Bc7 37. Ng2 R2d4 38. Bh3 Rd3
0-1

[Event "North America Championship 2008"]
[Site "SchemingMind.com"]
[Date "2009.09.04"]
[Round "-"]
[White "BogusAurelius"]
[Black "time_pressure"]
[Result "1/2-1/2"]
[WhiteCountry "USA"]
[BlackCountry "USA"]
[WhiteElo "2390"]
[WhiteRD "80"]
[BlackElo "2365"]
[BlackRD "88"]
[GameID "218281"]

1. d4 Nf6 2. c4 g6 3. Nc3 Bg7 4. e4 d6 5. Nf3 O-O 6. Be2 c5 7. O-O Bg4 8. d5 Na6 9. Bg5 h6 10. Be3 Qc7
11. h3 Bd7 12. Qd2 Kh7 13. a3 Rae8 14. Rad1=
1/2-1/2

[Event "North America Championship 2008"]
[Site "SchemingMind.com"]
[Date "2010.01.09"]
[Round "-"]
[White "HanadaNo3"]
[Black "BogusAurelius"]
[Result "1/2-1/2"]
[WhiteCountry "USA"]
[BlackCountry "USA"]
[WhiteElo "2369"]
[WhiteRD "92"]
[BlackElo "2399"]
[BlackRD "100"]
[GameID "234056"]

1. Nf3 d6 2. c4 e5 3. Nc3 f5 4. d4 e4 5. Ng1 Nf6 6. Nh3 c6 7. g3 Na6 8. Bg2 Be7 9. f3 O-O 10. O-O exf3
11. exf3 Nc7 12. Re1 d5 13. Qb3 dxc4 14. Qxc4+ Nfd5 15. Nf4 b5 16. Qb3 Bf6 17. Be3 Be6= 18. Nxe6 Nxe6 19. Nxd5 Qxd5 20. Qxd5 cxd5
21. f4 Rfd8 22. Rac1 Rd6 23. Red1 g6 24. Bf3 Re8 25. Kg2 Kf7 26. h3 h5= 27. a3 a5 28. Rd3=
1/2-1/2

[Event "North America Championship 2008"]
[Site "SchemingMind.com"]
[Date "2010.01.08"]
[Round "-"]
[White "BogusAurelius"]
[Black "HanadaNo3"]
[Result "1/2-1/2"]
[WhiteCountry "USA"]
[BlackCountry "USA"]
[WhiteElo "2401"]
[WhiteRD "98"]
[BlackElo "2367"]
[BlackRD "89"]
[GameID "234060"]

1. d4 d5 2. c4 c6 3. Nf3 Nf6 4. Nc3 e6 5. e3 Ne4 6. Nxe4 dxe4 7. Nd2 f5 8. f3 Bd6 9. g3 exf3 10. Nxf3 Nd7
11. c5 Bc7 12. Bc4 Nf6 13. O-O O-O 14. Qc2 Kh8 15. Bd2 Ne4 16. Bd3 Nxd2 17. Qxd2 b6 18. b4 Bb7 19. a4=
1/2-1/2